00542nam a2200145Ia 4500008004100000041001200041100001700053245004500070260002800115300000800143650001500151942000700166999001700173952020600190221030s9999 xx 000 0 und d aEnglish aP. P. Sharma 0aElectricity & Magnetismcby P. P. Sharma bVishal PubaDelhic1986 a380 aBB Physics cBK c18189d18189 pBB 956g130.00l0eDonated by Prof Mohinder Jain ( HOD Physics )r2025-05-17 00:00:00w2022-10-30yBK003Print4070aMIETLIBbMIETLIBcBL-Academic Block B, FL-2, CUP-101, SH-3, R-3d2019-05-2110HBB